| 000 | 00479nam a2200157 i 4500 | ||
|---|---|---|---|
| 001 | 32382 | ||
| 003 | ES-MaACL | ||
| 005 | 20230906154549.0 | ||
| 007 | t| | ||
| 008 | 030131s1969 sp ||||1| spa d | ||
| 100 | 1 |
_aBenito y de Pena, Fernando de. _927696 |
|
| 245 | 1 | 0 |
_aTrayectoria vertical / _cFernando de Benito y de Pena. |
| 260 |
_aCádiz : _bAlmádena de Ediciones Hispánicas, _c1969. |
||
| 300 |
_a63 p. : _bretr. aut. ; _c22 cm. |
||
| 852 |
_aES-MaACL _jC-38806 _bR.73111 |
||
| 999 |
_c32382 _d32382 |
||